International Organizations and the Law of the Sea 1991 : Documentary Yearbook /
التنسيق: كتاب الكتروني
اللغة: English
منشور في:
Leiden ; Boston :
Brill | Nijhoff,
1993.
سلاسل:
International Law - Book Archive pre-2000.
International Organizations and the Law of the Sea ;
7
الموضوعات:
الوصول للمادة أونلاين: Login to view Source
الوسوم: إضافة وسم
رقم الطلب: JX4411
| LEADER | 03017nam a22004938i 4500 | ||
|---|---|---|---|
| 001 | BRILL9789004634213 | ||
| 003 | nllekb | ||
| 005 | 20240807140356.0 | ||
| 006 | m d | ||
| 007 | cr un uuuua | ||
| 008 | 240718s1993 gw sb 001 0 eng d | ||
| 020 | |a 9789004634213 |q (electronic book) | ||
| 020 | |z 9780792322160 |q (print) | ||
| 024 | 7 | |a 10.1163/9789004634213 |2 DOI | |
| 035 | |a (OCoLC)1443938903 | ||
| 040 | |a NL-LeKB |c NL-LeKB |e rda | ||
| 041 | |a eng | ||
| 050 | 4 | |a JX4411 | |
| 072 | 7 | |a BUS |x 035000 |2 bisacsh | |
| 072 | 7 | |a LAW |x 051000 |2 bisacsh | |
| 072 | 7 | |a LBBU |2 bicssc | |
| 082 | 0 | 4 | |a 341.7/566 |2 23 |
| 245 | 1 | 0 | |a International Organizations and the Law of the Sea 1991 : |b Documentary Yearbook / |c edited by Netherlands Institute for the Law of the Sea. |
| 246 | 3 | |a Documentary Yearbook | |
| 264 | 1 | |a Leiden ; |a Boston : |b Brill | Nijhoff, |c 1993. | |
| 264 | 4 | |c ©1993 | |
| 300 | |a 1 online resource (896 pages) : |b illustrations. | ||
| 336 | |a text |b txt |2 rdacontent | ||
| 337 | |a computer |b c |2 rdamedia | ||
| 338 | |a online resource |2 rdacarrier | ||
| 490 | 1 | |a International Law - Book Archive pre-2000 | |
| 490 | 1 | |a International Organizations and the Law of the Sea ; |v 7 | |
| 504 | |a Includes bibliographical references and index. | ||
| 505 | 0 | |t Front Matter -- Preliminary Material -- Addresses -- Editors' Note / |r Professor Alfred H.A. Soons and Professor Barbara Kwiatkowska -- United Nations -- 1. Medium-Term Plan for the Period 1992-1997, Vol. I. General Assembly Official Records: Forty-Fifth Session, Supplement No. 6. -- 18. Europe-Africa Permanent Link through the Strait of Gibraltar. Note by the Secretary-General. -- 19. Report of the Second Meeting of the Group of Experts on the Law of the Sea of the States Members of the Zone of Peace and Cooperation of the South Atlantic, Montevideo, Uruguay, 3-6 April 1991. -- 20. Statement by the Chairman of the Preparatory Commission. -- United Nations Conference on Environment and Development (UNCED) -- United Nations Environment Programme (UNEP) -- United Nations Conference on Trade and Development (UNCTAD) -- Food and Agricultural Organization (FAO) -- International Atomic Agency (IAEA) -- International Labour Organisation (ILO) -- International Maritime Organization (IMO) -- United Nations Educational, Scientific and Cultural Organization (UNESCO) -- World Meteorological Organization (WMO) -- Back Matter -- Index of Keywords. | |
| 546 | |a English | ||
| 588 | |a Description based on print version record. | ||
| 650 | 0 | |a International law |v Periodicals. | |
| 650 | 0 | |a International law. | |
| 776 | 0 | 8 | |i Print version: |t International Organizations and the Law of the Sea 1991 : Documentary Yearbook. |d Leiden ; Boston : Brill | Nijhoff, 1993. |z 9780792322160 |w (OCoLC)263112167 |
| 830 | 0 | |a International Law - Book Archive pre-2000. | |
| 830 | 0 | |a International Organizations and the Law of the Sea ; |v 7 | |
| 856 | 4 | |z DOI: |u http://dx.doi.org/10.1163/9789004634213 | |
| 942 | |2 lcc |c EBOOK | ||
| 999 | |c 59222 |d 59222 | ||
